Farmers Choice of Adaptation Strategies to Climate Change and Variability in Arid Region of Ghana
Zhodnotenie a súhrn vedomostí poľnohospodárov v olasti voľby adaptačných stratégií v rámci klimatických zmien. Poľnohospodári v študijnej oblasti využívajú rôzne adaptačné stratégie aby zmiernili negatívny dopad klimatických zmien (napr. zvýšené zavlažovanie, migrácia do mestských oblastí a pod.). D...
Saved in:
| Main Author: | |
|---|---|
| Other Authors: | , |
| Format: | Book Chapter |
| Language: | English |
| Subjects: | |
| Tags: |
No Tags, Be the first to tag this record!
|
MARC
| LEADER | 00000naa a2200000 4500 | ||
|---|---|---|---|
| 001 | 0253804 | ||
| 005 | 20221104112300.1 | ||
| 041 | 0 | |a eng | |
| 044 | |a SK | ||
| 245 | 1 | 0 | |a Farmers Choice of Adaptation Strategies to Climate Change and Variability in Arid Region of Ghana |c Hamdiyah Alhassan, Paul Adjei Kwakwa, William Adzawla |
| 520 | |a Zhodnotenie a súhrn vedomostí poľnohospodárov v olasti voľby adaptačných stratégií v rámci klimatických zmien. Poľnohospodári v študijnej oblasti využívajú rôzne adaptačné stratégie aby zmiernili negatívny dopad klimatických zmien (napr. zvýšené zavlažovanie, migrácia do mestských oblastí a pod.). Dôraz na propagáciu vzdelávania, vytvárania povedomia, poskytovania dostupných a moderných technológií ako účinných nástrojov na zmenu klímy. | ||
| 610 | 2 | 0 | |a farmy |
| 610 | 2 | 0 | |a Ghana |
| 610 | 2 | 0 | |a zmeny klimatické |
| 610 | 2 | 0 | |a technológie nové |
| 610 | 2 | 0 | |a adaptácia |
| 100 | 1 | |a Alhassan, Hamdiyah | |
| 700 | 1 | |a Kwakwa, Paul Adjei | |
| 700 | 1 | |a Adzawla, William | |